000 01083 a2200277 4500
999 _c9835
_d9835
020 _a9780190723620
050 0 0 _aKTL 3800 CRI 2018
100 _aKemp, Gerhard
_eeditor
245 0 0 _aCriminal law in South Africa /
_cGerhard Kemp , Shelly Walker ...et al
250 _a3rd ed.
264 1 _aCape Town, South Africa :
_bOxford University Press, Southern Africa,
_c2018
300 _axxx, 752 pages :
_bill ;
500 _aIncludes bibliographical references (pages 679-695) and index.
504 _aIncludes bibliographical references (pages 679-695) and index.
650 0 _aCriminal law
650 0 _aCriminal justice, Administration of
650 0 _aCriminal liability
700 1 _aWalker, Shelly
_d1973-
_eeditor
700 1 _aPalmer, Robin
_eeditor
700 1 _aBaqwa, Dumile
_eeditor
700 1 _aGevers, Christopher
_eeditor
700 1 _aLeslie, Brian
_eeditor
700 1 _aSteynberg, Anton
_eeditor
942 _2lcc
_cBK
_e3rd ed.
_h3800
_iCRI
_kKTL